El Joc de la descoberta / Tere Majem i Pepa Òdena
Descripción Física:
65 p. : il. ; 21'5 cm
Colección:
Temes d'infància ; 22
Otros Autores:
Òdena, Pepa, 1939-
MARC
| LEADER | 00000nam a2200000Ia 4500 | ||
|---|---|---|---|
| 001 | 10654 | ||
| 008 | 160829s1994 xx 000 0 cat d | ||
| 080 | |a E-1-198 | ||
| 100 | |a Majem, Tere |9 29181 | ||
| 245 | |a El Joc de la descoberta / Tere Majem i Pepa Òdena | ||
| 260 | |a Barcelona : |b Associació de Mestres Rosa Sensat : |b Diputació de Barcelona, |c 1994 | ||
| 300 | |a 65 p. : |b il. ; |c 21'5 cm | ||
| 490 | |a Temes d'infància ; 22 | ||
| 650 | |a Jocs infantils |9 29177 | ||
| 650 | 0 | |a Jocs educatius |9 29182 | |
| 700 | |a Òdena, Pepa, |d 1939- |9 29183 | ||
| 710 | 1 | |a Barcelona (Catalunya : Província). |b Diputació |9 52408 | |
| 710 | 2 | |a Rosa Sensat (Associació) |9 54183 | |
| 901 | |a Arxiu | ||
| 942 | |n 1 | ||
| 952 | |0 0 |1 0 |4 0 |6 E1198 |7 1 |9 45091 |a Arxiu |b Arxiu |d 2016-12-01 |l 0 |o E-1-198 |p 10654 |r 2016-12-01 00:00:00 |w 2016-12-01 |y ARXIU | ||
| 999 | |c 47711 |d 47711 | ||